| 000 | 08369 a2200601 4500 | ||
|---|---|---|---|
| 005 | 20080911122411.0 | ||
| 008 | 080911t xxu||||| |||| 00| 0 hin d | ||
| 010 | _aHIN-79662 B-293371-396 | ||
| 020 | _c250.00 | ||
| 035 | _aHN-52008 | ||
| 035 | _aB-293371-396 | ||
| 037 | _bD.B.Act / ven | ||
| 037 | _bडिस्कवरी बुक सेंटर | ||
| 040 |
_aDPL _bHN |
||
| 082 | _a827 | ||
| 245 |
_aउर्दू का बेहतरीन हास्य-व्यंग्य _cसंपादक ख्वाज़ा अहमद अब्बास, अनुवादक एम.असलम |
||
| 246 | _aUrdu ka behtareen hasya Vyanga | ||
| 260 |
_aदिल्ली _bडिस्कवरी बुक सैंटर _c2007 |
||
| 260 | _aमनीष प्रकाशन(वितरक) | ||
| 270 |
_a1/9427, वैस्ट रोहतास नगर, शाहदरा _bदिल्ली _e110032 |
||
| 300 |
_a208पृ _c22 सेमी (सजिल्द) |
||
| 500 | _aSame ISBN N.(प्रायोगिक हिन्दी व्याकरण) | ||
| 700 | _aअसलम, एम. | ||
| 942 |
_adpl _cHN _k827 / उर्दूका _2ddc _h827 _mउर्दूका |
||
| 999 |
_c3328 _d3328 |
||